01302 2200517 4500001002100000005001500021035002500036008000400061020001800065040001200083082001900095084001700114245010500131250002300236260003100259300003800290700002800328850001200356999001500368041000800383651003300391990001500424990001500439990001500454990001500469990001500484990001500499990001500514990001500529990001500544990001500559990001500574990001500589990001500604990001500619990001500634990001500649990001500664990001500679990001500694990001500709990001500724990001500739990001500754990001500769YOGYA-0209000000437620180524082321 a0010-020900000004376ind a979-8034-69-4 aYOPDYOG042[23]a330.9598 a330.9598 Sis1 aSISTEM ekonomi dan demokrasi ekonomi :bmembangun sistem ekonomi nasional /ceditor, Sri-Edi Swasono aCetakan kedua 1987 aJakarta :bUI Press,c1987 axi, 288 halaman :btabel ;c23 cm0 aSRI-EDI SWASONO,d1940- aYOPDYOG a96P00849070 aind 4aIndonesia--xKeadaan ekonomi a96535-P/97 a96536-P/97 a96537-P/97 a84907-P/96 a84908-P/96 a84909-P/96 a84909-P/96 a96535-P/97 a96536-P/97 a96537-P/97 a84907-P/96 a84908-P/96 a96537-P/97 a96535-P/97 a96536-P/97 a84907-P/96 a84908-P/96 a84909-P/96 a96536-P/97 a96535-P/97 a96537-P/97 a84907-P/96 a84908-P/96 a84909-P/96